01210nas a2200349 4500001001300000003000900013005001700022007000300039008003400042040005400076041000900130072000800139100002000147100001800167100002500185100002200210100002400232100002400256245005700280650002000337650002200357650001400379650001500393650002600408650001600434773011000450856006900560909004000629942001800669999001900687952015400706BR2017003367BR-BrBNA20231205131200.0ta230509b bl.|||p| |||| 00| 00por d aBR-BrBNAbporcBiblioteca Nacional de Agricultura a(En) aL511 aLopes, C. da C.1 aRabello, C.B.1 aSilva, J. de C.R. da1 aArruda, E.M.F. de1 aLudke, M. do C.M.M.1 aDutra Junior, W.M. 1 aSugarcane yeast inclusion for broilers at post-hatch aFRANGO DE CORTE aMORFOLOGIA ANIMAL aINTESTINO aINGESTÃO aCONVERSÃO ALIMENTAR aPERFORMANCE0 tRevista Brasileira de Zootecnia (Brazil)xISSN 1806-9290 g(Dec 2017), v. 46(12) p. 924-928wBR201700336740uhttp://www.scielo.br/pdf/rbz/v46n12/1806-9290-rbz-46-12-0924.pdf a202311bLúciac55dLúcia Elande 2AGRISn0cANA c253436d253436 002AGRIS4071a41918b41918cPeriódicos Agrícolash(Dec 2017), v. 46(12) p. 924-928l0r2023-11-29t01yCRePortaria Interministerial nº 164/94